مكتبة جامعة عجلون الوطنية

فهرس بحث المكتبة

فسيولوجيا الاحمال التدريبية وطرائق التدريب الرياضي / (Record no. 34040)

MARC details
000 -LEADER
fixed length control field 00908nam a22002177a 4500
003 - CONTROL NUMBER IDENTIFIER
control field JO-AjAnu
005 - DATE AND TIME OF LATEST TRANSACTION
control field 20251012091035.0
008 - FIXED-LENGTH DATA ELEMENTS--GENERAL INFORMATION
fixed length control field 251011b jo ||||| |||| 00| 0 ara d
020 ## - INTERNATIONAL STANDARD BOOK NUMBER
International Standard Book Number 9789923200117
040 ## - CATALOGING SOURCE
Original cataloging agency JO-AjAnu
Language of cataloging ara
Transcribing agency JO-AjAnu
Modifying agency JO-AjAnu
Description conventions rda
041 ## - LANGUAGE CODE
Language code of text/sound track or separate title ara
Language code of original ara
050 ## - LIBRARY OF CONGRESS CALL NUMBER
Classification number GV515
Item number 2020
100 #1 - MAIN ENTRY--PERSONAL NAME
Personal name الطائي، مؤيد عبد علي
Relator term مؤلف
9 (RLIN) 66746
245 #0 - TITLE STATEMENT
Title فسيولوجيا الاحمال التدريبية وطرائق التدريب الرياضي /
Statement of responsibility, etc. مؤيد عبد علي الطائي
250 ## - EDITION STATEMENT
Edition statement الطبعة الاولى
260 ## - PUBLICATION, DISTRIBUTION, ETC.
Place of publication, distribution, etc. عمان :
Name of publisher, distributor, etc. الدار المنهجية للنشر والتوزيع،
Date of publication, distribution, etc. 2020
300 ## - PHYSICAL DESCRIPTION
Extent 352 صفحة
504 ## - BIBLIOGRAPHY, ETC. NOTE
Bibliography, etc. note يحتوي على قائمة مصادر
650 70 - SUBJECT ADDED ENTRY--TOPICAL TERM
Topical term or geographic name entry element التمارين الرياضية-رفع الاثقال-التدريب الرياضي-اللياقة البدنية
9 (RLIN) 66747
942 ## - ADDED ENTRY ELEMENTS (KOHA)
Source of classification or shelving scheme Library of Congress Classification
Koha item type Books
Suppress in OPAC No
Holdings
Withdrawn status Lost status Source of classification or shelving scheme Damaged status Not for loan Home library Current library Date acquired Total Checkouts Full call number Barcode Date last seen Price effective from Koha item type
    Library of Congress Classification     مكتبة جامعة عجلون الوطنية مكتبة جامعة عجلون الوطنية 11/10/2025   GV515 2020 a30440 11/10/2025 11/10/2025 Books